| 000 | 01099nam a22002777a 4500 | ||
|---|---|---|---|
| 001 | 9501 | ||
| 003 | FISKH | ||
| 005 | 20260115134140.0 | ||
| 008 | 260115b cb ||||| |||| 00| 0 eng d | ||
| 020 | _a9780439682527 | ||
| 040 |
_aFISKH _beng _cFISKH _dFISKH |
||
| 050 | _aPZ7 | ||
| 082 | _a967.704 | ||
| 100 |
_aDiConsiglio, John _eAuthor |
||
| 245 |
_aLost boys of Sudan / _cJohn DiConsiglio |
||
| 260 |
_aNew York : _bScholastic Inc. , _c2004 |
||
| 300 |
_a32 pages : _bphotographs ; _c20 cm |
||
| 505 | _aP | ||
| 520 | _aIn the late 1980s, soldiers attacked villages in Southern Sudan. They destroyed homes and killed everyone in sight. Thousands of boys and girls banded together and fled for safety. They braved enemy soldiers, wild animals, and starvation. They walked for months, covering more than 1000 miles. Here are the true stories of three young people who risked everything-and escaped with their lives. | ||
| 521 | 8 |
_a600
_bLexile |
|
| 521 | 8 |
_aP
_bRaz-Plus |
|
| 650 |
_aNon-fiction _vRefugees |
||
| 650 |
_aMiddle East _vWar |
||
| 942 |
_2ddc _cBK _n0 |
||
| 999 |
_c9501 _d9501 |
||